000 00489nam a2200181Ia 4500
005 20250508150319.0
008 008 250505s9999 xx 000 0 eng d
037 _aTextual
040 _aFEDL
_beng
_cFEDL
041 _aeng
_2eng
084 _a614.8, BUT
_qFEDL
100 _aButt H T H
_9756380
245 0 _aFirst aid illustrated
260 _aLondon, UK
_bLongmans, Green and Co.
_c1948
300 _a96p.
942 _cTEXL
_h614.8, BUT
999 _c1322947
_d1322947